[Event "UKR-ch (Women)"]
[Site "Poltava"]
[Date "2011.10.15"]
[Round "9"]
[White "Bakuta, Natalia"]
[Black "Rudakova, Zhanetta"]
[Result "0-1"]
[WhiteElo "1794"]
[BlackElo "1986"]
[PlyCount "116"]
[EventDate "2011.10.07"]
[EventType "swiss"]
[EventRounds "9"]
[EventCountry "UKR"]
[SourceTitle "CBM 144 Extra"]
[Source "ChessBase"]
[SourceDate "2011.10.28"]
[SourceVersion "1"]
[SourceVersionDate "2011.10.28"]
[SourceQuality "1"]

1. d4 Nf6 2. c4 d5 3. Nf3 e6 4. Bg5 Bb4+ 5. Nc3 dxc4 6. e3 a6 7. Bxc4 b5 8. Bd3 Bb7 9. 0-0 Be7 10. Rc1 Nbd7 11. Qe2 c5 12. Rfd1 c4 13. Bb1 0-0 14. e4 Re8 15. a4 Qa5 16. Qc2 g6 17. h4 b4 18. e5 Nd5 19. Ne4 N7b6 20. Qd2 Qxa4 21. Bxe7 Rxe7 22. Nf6+ Kg7 23. Qg5 Rh8 24. Nh5+ Kf8 25. Qh6+ Ke8 26. Qg7 Rf8 27. Nf6+ Nxf6 28. exf6 Rc7 29. Ng5 Nd7 30. Nxe6 Qc6 31. d5 Qd6 32. Re1 Ne5 33. Rxe5 fxe6 34. Rxe6+ Qxe6 35. Qxf8+ Kxf8 36. dxe6 Bd5 37. e7+ Kf7 38. Rd1 Bc6 39. Rd8 Be8 40. Be4 Rc5 41. g4 a5 42. g5 a4 43. Bd5+ Rxd5 44. Rxd5 c3 45. bxc3 b3 46. Rd8 b2 47. Rb8 a3 48. Kg2 a2 49. Rxb2 a1Q 50. Rb3 Qa4 51. Rb4 Qc6+ 52. f3 Qxc3 53. Re4 Qd2+ 54. Kg3 h6 55. Re5 Qd4 56. Re4 Qg1+ 57. Kf4 h5 58. Rb4 Qf2 0-1

[Event "UKR-ch (Women)"]
[Site "Poltava"]
[Date "2011.10.09"]
[Round "3"]
[White "Rudakova, Zhanetta"]
[Black "Tsirulnik, Maritsa"]
[Result "0-1"]
[WhiteElo "1986"]
[BlackElo "2168"]
[PlyCount "127"]
[EventDate "2011.10.07"]
[EventType "swiss"]
[EventRounds "9"]
[EventCountry "UKR"]
[SourceTitle "CBM 144 Extra"]
[Source "ChessBase"]
[SourceDate "2011.10.28"]
[SourceVersion "1"]
[SourceVersionDate "2011.10.28"]
[SourceQuality "1"]

1. e4 c5 2. Nf3 e6 3. d4 cxd4 4. Nxd4 Nc6 5. c4 Nf6 6. Nxc6 bxc6 7. Bd3 d5 8. exd5 cxd5 9. cxd5 Qxd5 10. Be2 Bb4+ 11. Bd2 Bxd2+ 12. Nxd2 Bb7 13. Nf3 Qa5+ 14. Qd2 Qxd2+ 15. Nxd2 Bxg2 16. Rg1 Bd5 17. Rxg7 Ke7 18. Rg3 Rab8 19. b3 Rbc8 20. Kd1 Rc5 21. b4 Rc7 22. a4 Rd8 23. Ke1 Ba8 24. b5 Nd5 25. Nc4 Rdc8 26. Ne5 Nb4 27. Rd1 Nd5 28. Bh5 Nc3 29. Rd4 Ne4 30. Rgd3 Nc5 31. Rd1 f6 32. Nd3 e5 33. Rh4 Nxd3+ 34. Rxd3 Rc1+ 35. Bd1 Ke6 36. Kd2 e4 37. Bb3+ Ke5 38. Rd7 Rb1 39. Bd1 Rb2+ 40. Ke1 Bd5 41. Rhxh7 Rc1 42. Rh5+ f5 43. Rxf5+ Kxf5 44. Rxd5+ Ke6 45. Rd8 Rc7 46. h4 Rg7 47. Kf1 Ke5 48. h5 Rf7 49. Be2 Rb1+ 50. Bd1 e3 51. Re8+ Kd4 52. Rd8+ Kc5 53. f4 Rxf4+ 54. Ke2 Re4 55. Bc2 Rb2 56. Rc8+ Kb4 57. h6 Rc4 58. Ra8 Rbxc2+ 59. Kxe3 R2c3+ 60. Kd2 Rh3 61. Rxa7 Rxh6 62. Ra8 Rc3 63. Ke2 Rh2+ 64. Kd1 0-1

[Event "Myrhorod op"]
[Site "Myrhorod"]
[Date "2011.07.12"]
[Round "6"]
[White "Yushinov, Nikolay"]
[Black "Rudakova, Zhanetta"]
[Result "0-1"]
[WhiteElo "2162"]
[BlackElo "2015"]
[PlyCount "112"]
[EventDate "2011.07.09"]
[EventType "swiss"]
[EventRounds "9"]
[EventCountry "UKR"]
[SourceTitle "CBM 143 Extra"]
[Source "ChessBase"]
[SourceDate "2011.08.29"]
[SourceVersion "1"]
[SourceVersionDate "2011.08.29"]
[SourceQuality "1"]

1. f4 d5 2. e3 c5 3. Nf3 Nf6 4. b3 e6 5. Bb2 Nc6 6. Bb5 Bd7 7. Bxc6 Bxc6 8. Ne5 Bb5 9. d3 Nd7 10. a4 Ba6 11. 0-0 Nxe5 12. Bxe5 f6 13. Bb2 Be7 14. Qh5+ g6 15. Qh3 Qd7 16. Nd2 0-0-0 17. Rfd1 Kb8 18. e4 d4 19. Re1 h6 20. Nf3 g5 21. f5 exf5 22. Qxf5 b6 23. Qxd7 Rxd7 24. Re2 Bb7 25. Rf1 Kc7 26. Bc1 Rf8 27. g3 Bd6 28. Bd2 Rdf7 29. Ref2 Bc8 30. Kg2 Be6 31. a5 Kb7 32. b4 Kc6 33. c3 dxc3 34. bxc5 Bxc5 35. d4 cxd2 36. dxc5 bxc5 37. Rxd2 g4 38. Nh4 Rd7 39. Rdf2 Rd4 40. Ng6 Rf7 41. e5 f5 42. Nf4 Bc4 43. Re1 Re4 44. Rxe4 fxe4 45. Rd2 Re7 46. Rd6+ Kb5 47. e6 e3 48. Rd7 Re8 49. e7 Kxa5 50. Nh5 Bb5 51. Rxa7+ Kb6 52. Ra1 Rxe7 53. Nf6 Bc6+ 54. Kf1 Rf7 55. Ke2 Rxf6 56. Kxe3 Rf3+ 0-1

[Event "Myrhorod op"]
[Site "Myrhorod"]
[Date "2011.07.11"]
[Round "4"]
[White "Rudakova, Zhanetta"]
[Black "Karnaukh, Anatolij"]
[Result "1/2-1/2"]
[WhiteElo "2015"]
[BlackElo "2209"]
[PlyCount "57"]
[EventDate "2011.07.09"]
[EventType "swiss"]
[EventRounds "9"]
[EventCountry "UKR"]
[SourceTitle "CBM 143 Extra"]
[Source "ChessBase"]
[SourceDate "2011.08.29"]
[SourceVersion "1"]
[SourceVersionDate "2011.08.29"]
[SourceQuality "1"]

1. e4 e5 2. Nf3 Nc6 3. Bb5 a6 4. Ba4 d6 5. 0-0 Bd7 6. c3 g6 7. d4 Bg7 8. Bb3 Nf6 9. Re1 0-0 10. Bg5 h6 11. Bh4 Qe8 12. dxe5 dxe5 13. Nbd2 Nh5 14. Nf1 Na5 15. Ne3 Nf4 16. Nd5 Nxd5 17. exd5 Bg4 18. Bg3 Nxb3 19. Qxb3 Bxf3 20. gxf3 Rb8 21. Bxe5 Bxe5 22. f4 Qd7 23. fxe5 Qg4+ 24. Kh1 Qf3+ 25. Kg1 Qg4+ 26. Kh1 Qf3+ 27. Kg1 Qg4+ 28. Kf1 Qh3+ 29. Kg1 1/2-1/2

[Event "UKR-ch (Women)"]
[Site "Poltava"]
[Date "2010.11.18"]
[Round "6"]
[White "Rudakova, Zhanetta"]
[Black "Mamonova, Yulia"]
[Result "1-0"]
[WhiteElo "2050"]
[BlackElo "2048"]
[PlyCount "99"]
[EventDate "2010.11.13"]
[EventType "swiss"]
[EventRounds "9"]
[EventCountry "UKR"]
[SourceTitle "CBM 139 Extra"]
[Source "ChessBase"]
[SourceDate "2011.01.05"]
[SourceVersion "1"]
[SourceVersionDate "2011.01.05"]
[SourceQuality "1"]

1. e4 c5 2. Nf3 d6 3. d4 cxd4 4. Nxd4 Nf6 5. Bd3 Nc6 6. Nb3 e6 7. 0-0 Be7 8. c4 Qc7 9. Nc3 a6 10. Be3 b6 11. Rc1 Ne5 12. f3 Bb7 13. Na4 Ned7 14. Nd4 Rc8 15. Be2 0-0 16. Qe1 Rfe8 17. Qf2 Ba8 18. Rfd1 Qb8 19. Nc2 b5 20. cxb5 axb5 21. Nc3 b4 22. Nb5 d5 23. exd5 Nxd5 24. Ba7 Qf4 25. Qg3 Qxg3 26. hxg3 N7f6 27. Ncd4 Bb7 28. a4 bxa3 29. bxa3 Ne3 30. Re1 e5 31. Nb3 Nc2 32. Rxc2 Rxc2 33. Bd3 Rcc8 34. Rxe5 Bd5 35. N3d4 Rc1+ 36. Kh2 Bd8 37. Rxe8+ Nxe8 38. a4 Nc7 39. Nd6 Na8 40. Bb5 Ba5 41. N6f5 Kf8 42. Ne3 Bb6 43. Bxb6 Nxb6 44. a5 Re1 45. Nef5 Bb7 46. axb6 g6 47. Nd6 Re3 48. Nxb7 Rb3 49. Nd6 Ke7 50. b7 1-0

[Event "UKR-ch (Women)"]
[Site "Poltava"]
[Date "2010.11.15"]
[Round "3"]
[White "Aniper, Veronika"]
[Black "Rudakova, Zhanetta"]
[Result "1-0"]
[WhiteElo "1746"]
[BlackElo "2050"]
[PlyCount "59"]
[EventDate "2010.11.13"]
[EventType "swiss"]
[EventRounds "9"]
[EventCountry "UKR"]
[SourceTitle "CBM 139 Extra"]
[Source "ChessBase"]
[SourceDate "2011.01.05"]
[SourceVersion "1"]
[SourceVersionDate "2011.01.05"]
[SourceQuality "1"]

1. e4 e5 2. d4 exd4 3. c3 dxc3 4. Nxc3 d6 5. Qb3 Nc6 6. Bc4 Ne5 7. Be2 h6 8. f4 Nc6 9. Nf3 Na5 10. Qa4+ c6 11. b4 Nc4 12. Bxc4 b5 13. Nxb5 cxb5 14. Bxb5+ Bd7 15. Bxd7+ Qxd7 16. Qxd7+ Kxd7 17. Bb2 Re8 18. e5 dxe5 19. Nxe5+ Ke6 20. 0-0 Bxb4 21. f5+ Kd5 22. Rad1+ Kc5 23. Rf4 Ba5 24. Rc4+ Kb6 25. Rc6+ Kb7 26. Rd7+ Ka8 27. Bd4 Bb6 28. Rxb6 Nf6 29. Rxf6 gxf6 30. Nc6 1-0

[Event "UKR-ch (Women)"]
[Site "Poltava"]
[Date "2010.11.14"]
[Round "2"]
[White "Rudakova, Zhanetta"]
[Black "Kalinina, Marianna"]
[Result "1/2-1/2"]
[WhiteElo "2050"]
[BlackElo "2031"]
[PlyCount "101"]
[EventDate "2010.11.13"]
[EventType "swiss"]
[EventRounds "9"]
[EventCountry "UKR"]
[SourceTitle "CBM 139 Extra"]
[Source "ChessBase"]
[SourceDate "2011.01.05"]
[SourceVersion "1"]
[SourceVersionDate "2011.01.05"]
[SourceQuality "1"]

1. e4 c5 2. Nf3 e6 3. d4 cxd4 4. Nxd4 a6 5. c4 Nf6 6. Bd3 Qc7 7. 0-0 Nc6 8. Nb3 d6 9. Nc3 Ne5 10. Qe2 Bd7 11. Bf4 Nxd3 12. Qxd3 Rc8 13. Nd2 Be7 14. Rac1 0-0 15. b3 Rfd8 16. Nf3 Qc5 17. h3 Bc6 18. Nd5 exd5 19. cxd5 Bb5 20. Qb1 Qb4 21. Rfe1 Bf8 22. Bd2 Qa3 23. Nd4 Rxc1 24. Rxc1 Re8 25. f3 Be7 26. Rc7 Bd8 27. Nc2 Bd3 28. Nxa3 Bxb1 29. Rxb7 Bd3 30. Bb4 Be7 31. Nc4 Bxc4 32. bxc4 Kf8 33. e5 Nxd5 34. cxd5 Rd8 35. a4 Ke8 36. f4 g5 37. g3 Rd7 38. Rb8+ Rd8 39. Rb6 gxf4 40. gxf4 dxe5 41. d6 Bh4 42. fxe5 Bg3 43. Rxa6 Bxe5 44. Kg2 Rb8 45. Bc5 Rc8 46. Bb4 Rb8 47. Ba5 Rb7 48. Bc7 Kd7 49. Kf3 f6 50. Rb6 Ra7 51. Rb4 1/2-1/2

[Event "Rudenko Memorial (Women)"]
[Site "Poltava"]
[Date "2010.08.04"]
[Round "4"]
[White "Malimonenko, Svetlana"]
[Black "Rudakova, Zhanetta"]
[Result "0-1"]
[WhiteElo "1892"]
[BlackElo "2001"]
[PlyCount "118"]
[EventDate "2010.08.03"]
[EventType "tourn"]
[EventRounds "11"]
[EventCountry "UKR"]
[SourceTitle "CBM 137 Extra"]
[Source "ChessBase"]
[SourceDate "2010.09.01"]
[SourceVersion "1"]
[SourceVersionDate "2010.09.01"]
[SourceQuality "1"]

1. e4 c5 2. f4 d6 3. Nc3 Nc6 4. Nf3 Bg4 5. Be2 e6 6. d3 Be7 7. Be3 Nf6 8. h3 Bxf3 9. Bxf3 Nd7 10. Bf2 a6 11. Qd2 Bf6 12. 0-0 Bd4 13. Rab1 Qa5 14. Kh1 Bxf2 15. Qxf2 Nd4 16. Bd1 0-0-0 17. a4 Qc7 18. Na2 Nc6 19. c3 Kb8 20. b4 cxb4 21. cxb4 Qb6 22. Qd2 Rc8 23. b5 Nd4 24. Nc3 a5 25. Bf3 Rc7 26. Rfc1 Rhc8 27. Ne2 Rxc1+ 28. Rxc1 Rxc1+ 29. Nxc1 Qc5 30. Bd1 b6 31. Ne2 Nxe2 32. Qxe2 Qd4 33. f5 Nc5 34. fxe6 fxe6 35. Qh5 Qa1 36. Qe8+ Ka7 37. Qf7+ Nb7 38. Qf3 Qc1 39. d4 Qd2 40. d5 e5 41. Qg4 g6 42. h4 Nc5 43. Qf3 Qe1+ 44. Kh2 Qxh4+ 45. Kg1 Qxe4 46. Qf7+ Nb7 47. Bf3 Qe1+ 48. Kh2 Qh4+ 49. Kg1 g5 50. Qe7 h6 51. Kf1 Qxa4 52. Qd7 Qc4+ 53. Ke1 a4 54. Qh7 Qxb5 55. Be2 Qb4+ 56. Kf2 a3 57. Qc2 b5 58. Qd3 a2 59. Qe3+ Nc5 0-1

[Event "Rudenko Memorial (Women)"]
[Site "Poltava"]
[Date "2010.08.03"]
[Round "1"]
[White "Rudakova, Zhanetta"]
[Black "Kalinina, Larisa"]
[Result "1-0"]
[WhiteElo "2001"]
[BlackElo "2160"]
[PlyCount "69"]
[EventDate "2010.08.03"]
[EventType "tourn"]
[EventRounds "11"]
[EventCountry "UKR"]
[SourceTitle "CBM 137 Extra"]
[Source "ChessBase"]
[SourceDate "2010.09.01"]
[SourceVersion "1"]
[SourceVersionDate "2010.09.01"]
[SourceQuality "1"]

1. e4 c5 2. Nf3 e6 3. d4 cxd4 4. Nxd4 a6 5. Bd3 Nf6 6. 0-0 Qc7 7. c4 Be7 8. Be3 0-0 9. Nc3 b6 10. Rc1 Bb7 11. f3 d6 12. Qe1 Nbd7 13. g4 Ne5 14. Be2 g6 15. g5 Nfd7 16. f4 Nc6 17. Nb3 f6 18. gxf6 Bxf6 19. Bg4 Rae8 20. Qf2 Nc5 21. Nxc5 bxc5 22. h4 Kh8 23. h5 gxh5 24. Bxh5 Rg8+ 25. Kh1 Re7 26. f5 Nd4 27. fxe6 Rxe6 28. Nd5 Qg7 29. Rg1 Qf8 30. Rxg8+ Kxg8 31. Rg1+ Bg7 32. Qxf8+ Kxf8 33. Rf1+ Kg8 34. Bxd4 Bxd5 35. Bf7+ 1-0

[Event "Lubny Rudenko Memorial (Women)"]
[Site "Lubny"]
[Date "2009.08.06"]
[Round "3"]
[White "Aslanian, Ludmila K"]
[Black "Rudakova, Zhanetta"]
[Result "1/2-1/2"]
[WhiteElo "2154"]
[BlackElo "2003"]
[PlyCount "129"]
[EventDate "2009.08.05"]
[EventType "tourn"]
[EventRounds "11"]
[EventCountry "UKR"]
[SourceTitle "EXT 2010"]
[Source "ChessBase"]
[SourceDate "2010.11.25"]
[SourceVersion "1"]
[SourceVersionDate "2010.11.25"]
[SourceQuality "1"]

1. e4 e5 2. Nf3 d6 3. d4 exd4 4. Nxd4 Nf6 5. Nc3 Be7 6. Bf4 Nbd7 7. Qd2 a6 8. Nf5 Bf8 9. f3 Nc5 10. g4 Ne6 11. Be3 Bd7 12. g5 Nh5 13. 0-0-0 g6 14. Ng3 Neg7 15. Nd5 Bc6 16. Bd4 Rg8 17. Nxh5 Nxh5 18. Nf6+ Nxf6 19. gxf6 Qd7 20. h4 Kd8 21. Bh3 Qe8 22. Kb1 Bd7 23. Bg2 Kc8 24. c4 Be6 25. Rc1 h5 26. Rhd1 a5 27. f4 Qa4 28. b3 Qb4 29. Qxb4 axb4 30. Be3 c5 31. Bf3 Kc7 32. Rc2 Bh6 33. Rcd2 Rad8 34. Kc2 Rge8 35. Kb2 Bc8 36. e5 dxe5 37. Rxd8 Rxd8 38. Rxd8 Kxd8 39. Bxc5 Bxf4 40. Bxb4 Bg3 41. Bc3 Bxh4 42. Bxe5 Bf2 43. b4 h4 44. b5 g5 45. Bd5 Ke8 46. a4 g4 47. a5 g3 48. b6 h3 49. a6 bxa6 50. b7 Bxb7 51. Bxb7 g2 52. Bh2 g1Q 53. Bxg1 Bxg1 54. Bxa6 Bd4+ 55. Kc2 Kd7 56. Bb7 Bxf6 57. Kd3 Kd6 58. Bd5 h2 59. Ke2 Bd4 60. Kf1 f5 61. Kg2 Bg1 62. Bb7 Kc5 63. Bd5 f4 64. Bf3 Kxc4 65. Ba8 1/2-1/2

[Event "UKR-ch (Women)"]
[Site "Evpatoria"]
[Date "2009.05.29"]
[Round "7"]
[White "Rudakova, Zhanetta"]
[Black "Feduk, Ivanna"]
[Result "1-0"]
[WhiteElo "2026"]
[BlackElo "1962"]
[PlyCount "103"]
[EventDate "2009.05.23"]
[EventType "swiss"]
[EventRounds "9"]
[EventCountry "UKR"]
[SourceTitle "CBM 130 Extra"]
[Source "ChessBase"]
[SourceDate "2009.07.02"]
[SourceVersion "2"]
[SourceVersionDate "2009.07.15"]
[SourceQuality "1"]

1. e4 Nc6 2. d4 d5 3. exd5 Qxd5 4. Nf3 Bg4 5. Be2 0-0-0 6. c3 Nf6 7. Nbd2 Qh5 8. h3 Nd5 9. Ne4 Qg6 10. Neg5 Bxf3 11. Bxf3 h5 12. Be4 f5 13. Bf3 e5 14. Bxd5 Rxd5 15. Qb3 Rd7 16. dxe5 Nxe5 17. 0-0 Nd3 18. Ne6 Bd6 19. Nd4 Bc5 20. Qc4 f4 21. Qe6 Qxe6 22. Nxe6 Nxc1 23. Nxc5 Ne2+ 24. Kh2 Rd2 25. Rab1 g5 26. Ne4 Rd5 27. Rfe1 f3 28. gxf3 Nf4 29. Rbd1 Rxd1 30. Rxd1 g4 31. fxg4 hxg4 32. Kg3 Nxh3 33. Kxg4 Re8 34. Kxh3 Rxe4 35. Rd2 b5 36. Kg3 b4 37. cxb4 Rxb4 38. f4 a5 39. Kg4 a4 40. a3 Re4 41. Kg5 Re3 42. Kf6 Kb7 43. f5 c5 44. Kf7 c4 45. Rd4 c3 46. bxc3 Rxc3 47. Rxa4 Kb6 48. f6 Rf3 49. Ke7 Re3+ 50. Kf8 Rf3 51. f7 Rf1 52. Rg4 1-0

[Event "UKR-ch (Women)"]
[Site "Evpatoria"]
[Date "2009.05.25"]
[Round "3"]
[White "Rudakova, Zhanetta"]
[Black "Barantseva, Alexandra"]
[Result "1-0"]
[WhiteElo "2026"]
[BlackElo "1892"]
[PlyCount "105"]
[EventDate "2009.05.23"]
[EventType "swiss"]
[EventRounds "9"]
[EventCountry "UKR"]
[SourceTitle "CBM 130 Extra"]
[Source "ChessBase"]
[SourceDate "2009.07.02"]
[SourceVersion "2"]
[SourceVersionDate "2009.07.15"]
[SourceQuality "1"]

1. Nf3 d5 2. c4 e6 3. e3 Nf6 4. b3 Be7 5. Bb2 0-0 6. Be2 b6 7. 0-0 Bb7 8. d3 c5 9. Nbd2 Nc6 10. d4 Rc8 11. cxd5 exd5 12. Rc1 Ne4 13. dxc5 Nxc5 14. Nd4 Bf6 15. N2f3 Qd7 16. Ba3 Rfe8 17. Bxc5 bxc5 18. Rxc5 Nxd4 19. exd4 Qd6 20. b4 Ba6 21. Bxa6 Qxa6 22. Qb3 Qe2 23. Qxd5 Rcd8 24. Qc4 Qe4 25. Rc7 Re7 26. Rxe7 Qxe7 27. Re1 Qd6 28. h3 h6 29. Rd1 Rb8 30. b5 Qd7 31. a4 Rc8 32. Qb3 Qc7 33. d5 Be7 34. Qd3 Bd6 35. Nd4 Bc5 36. Nb3 Bd6 37. g3 Be5 38. Rc1 Qd7 39. Rxc8+ Qxc8 40. Kg2 Qb7 41. Qe4 Bd6 42. Nd4 Kf8 43. Nc6 Bc5 44. Qf5 Qc7 45. h4 Qb7 46. Nd8 Qe7 47. Ne6+ Kg8 48. Nxc5 Qxc5 49. Qd3 Qd6 50. Qd4 Qd7 51. d6 Kf8 52. Qd5 Ke8 53. Kf3 1-0

[Event "UKR-ch (Women)"]
[Site "Poltava"]
[Date "2007.12.14"]
[Round "9"]
[White "Kononenko, Tatiana"]
[Black "Rudakova, Zhanetta"]
[Result "1-0"]
[WhiteElo "2393"]
[BlackElo "2025"]
[PlyCount "97"]
[EventDate "2007.12.06"]
[EventType "tourn"]
[EventRounds "11"]
[EventCountry "UKR"]
[EventCategory "2"]
[SourceTitle "CBM 121 Extra"]
[Source "ChessBase"]
[SourceDate "2008.01.10"]
[SourceVersion "1"]
[SourceVersionDate "2008.01.10"]
[SourceQuality "1"]

1. d4 d5 2. c4 e6 3. Nc3 Nf6 4. Nf3 Be7 5. Bg5 0-0 6. e3 a6 7. Qc2 h6 8. Bh4 dxc4 9. Bxc4 b5 10. Be2 Bb7 11. 0-0 Nbd7 12. Rfd1 Rc8 13. Ne5 Qe8 14. Bg3 c5 15. Nxd7 Nxd7 16. d5 e5 17. e4 Bd6 18. a4 b4 19. Nb1 a5 20. Nd2 Nb6 21. Nc4 Nxc4 22. Bxc4 Rc7 23. Re1 Qc8 24. Qd3 g6 25. Rac1 Kg7 26. b3 Qe8 27. f3 Qe7 28. Re2 f6 29. Rec2 Bc8 30. Bf2 f5 31. Re2 f4 32. Rec2 g5 33. Bb5 Bb7 34. Ba6 Rb8 35. Qb5 Rcc8 36. Bxb7 Rxb7 37. Qxa5 Rbc7 38. Qb5 h5 39. a5 g4 40. Kf1 Kg6 41. Ke2 Kg5 42. a6 h4 43. fxg4 Kxg4 44. Qd3 Qh7 45. Qf3+ Kg5 46. g3 hxg3 47. hxg3 Qh5 48. gxf4+ exf4 49. Rg1+ 1-0

[Event "UKR-ch (Women)"]
[Site "Poltava"]
[Date "2007.12.10"]
[Round "5"]
[White "Vasilevich, Tatjana"]
[Black "Rudakova, Zhanetta"]
[Result "1-0"]
[WhiteElo "2377"]
[BlackElo "2025"]
[PlyCount "131"]
[EventDate "2007.12.06"]
[EventType "tourn"]
[EventRounds "11"]
[EventCountry "UKR"]
[EventCategory "2"]
[SourceTitle "CBM 121 Extra"]
[Source "ChessBase"]
[SourceDate "2008.01.10"]
[SourceVersion "1"]
[SourceVersionDate "2008.01.10"]
[SourceQuality "1"]

1. d4 d5 2. Nf3 Nf6 3. g3 e6 4. Bg2 Bb4+ 5. c3 Bd6 6. 0-0 Nbd7 7. c4 dxc4 8. Qc2 e5 9. Nbd2 exd4 10. Nxd4 Nb6 11. Nb5 c6 12. Nxd6+ Qxd6 13. a4 a5 14. Nxc4 Nxc4 15. Qxc4 Be6 16. Qc2 0-0 17. Be3 Rfe8 18. Rfd1 Qb4 19. Rd4 Qb3 20. Qd2 Bf5 21. Ra3 Qc2 22. Qxc2 Bxc2 23. Rd2 Bf5 24. Rb3 Re7 25. Bc5 Rc7 26. Bb6 Rcc8 27. Bd4 Ne4 28. Bxe4 Bxe4 29. Rxb7 c5 30. Re7 Bc6 31. Bxc5 Bxa4 32. Bd4 Bb3 33. f3 a4 34. Kf2 Be6 35. Ra7 Rxa7 36. Bxa7 Kf8 37. Bd4 Bb3 38. Bc3 Be6 39. Rd4 Ra8 40. Bb4+ Ke8 41. Ba3 Ra6 42. Rh4 h6 43. Rb4 Ra8 44. g4 Kd7 45. Kg3 Ra5 46. Rd4+ Ke8 47. f4 Bb3 48. Re4+ Kd7 49. Bf8 h5 50. Bxg7 hxg4 51. Rd4+ Ke6 52. Kxg4 f5+ 53. Kg5 Bd5 54. Rd3 Ra7 55. Kg6 Rc7 56. h4 Rc1 57. Rg3 Rh1 58. h5 Ke7 59. h6 Be6 60. Bf6+ Kf8 61. Bg5 Rh2 62. Re3 Bc4 63. Re7 Bxe2 64. Rxe2 Rxe2 65. h7 Rh2 66. Bh6+ 1-0

[Event "UKR Games (Women) 3rd"]
[Site "Evpatoria"]
[Date "2007.05.23"]
[Round "5"]
[White "Kostak, Tatiana"]
[Black "Rudakova, Zhanetta"]
[Result "1-0"]
[WhiteElo "2117"]
[BlackElo "2064"]
[PlyCount "93"]
[EventDate "2007.05.21"]
[EventType "team-tourn"]
[EventRounds "7"]
[EventCountry "UKR"]
[SourceTitle "CBM 118 Extra"]
[Source "ChessBase"]
[SourceDate "2007.07.04"]
[SourceVersion "1"]
[SourceVersionDate "2007.07.04"]
[SourceQuality "1"]

1. c4 c5 2. Nc3 Nc6 3. e3 Nf6 4. d4 cxd4 5. exd4 d5 6. c5 g6 7. Bb5 Bg7 8. Nge2 0-0 9. 0-0 Bd7 10. Bg5 e6 11. Qd2 Ne7 12. Bd3 Re8 13. b4 Kh8 14. Rac1 Nfg8 15. f3 h6 16. Bh4 Qc8 17. Bg3 Nc6 18. Nb5 Bf8 19. Nc7 Bg7 20. Nxa8 Qxa8 21. Bb1 Qd8 22. Kh1 h5 23. b5 Nce7 24. a4 Nf5 25. Bf4 f6 26. Bxf5 gxf5 27. Ng3 e5 28. dxe5 fxe5 29. Bg5 Bf6 30. Bxf6+ Nxf6 31. Qh6+ Nh7 32. Nxh5 Rg8 33. c6 bxc6 34. bxc6 Bc8 35. c7 Qh4 36. Rc6 Qxa4 37. Rg6 Qd7 38. Rxg8+ Kxg8 39. Qxh7+ Qxh7 40. Nf6+ Kg7 41. Nxh7 Kxh7 42. Rb1 e4 43. Rb8 Ba6 44. fxe4 fxe4 45. c8Q Bxc8 46. Rxc8 d4 47. Rc4 1-0

[Event "UKR Games (Women) 3rd"]
[Site "Evpatoria"]
[Date "2007.05.21"]
[Round "1"]
[White "Rudakova, Zhanetta"]
[Black "Kalinina, Vladislava"]
[Result "0-1"]
[WhiteElo "2064"]
[BlackElo "2255"]
[PlyCount "60"]
[EventDate "2007.05.21"]
[EventType "team-tourn"]
[EventRounds "7"]
[EventCountry "UKR"]
[SourceTitle "CBM 118 Extra"]
[Source "ChessBase"]
[SourceDate "2007.07.04"]
[SourceVersion "1"]
[SourceVersionDate "2007.07.04"]
[SourceQuality "1"]

1. e4 c5 2. Nf3 Nc6 3. d4 cxd4 4. Nxd4 Nf6 5. Nc3 e5 6. Ndb5 d6 7. Bg5 a6 8. Na3 b5 9. Nd5 Be7 10. Be3 Rb8 11. f3 Be6 12. Nxe7 Qxe7 13. Bg5 Rd8 14. Bd3 d5 15. Qe2 dxe4 16. Bxe4 Nd4 17. Bxf6 gxf6 18. Qf2 f5 19. Bd3 e4 20. fxe4 fxe4 21. Bf1 b4 22. Nc4 Bxc4 23. Bxc4 e3 24. Qf4 Nxc2+ 25. Ke2 Rd2+ 26. Kf1 e2+ 27. Kg1 Qc5+ 28. Qf2 Rd1+ 29. Rxd1 exd1Q+ 30. Bf1 Qdd4 0-1

[Event "UKR-ch sf (Women)"]
[Site "Evpatoria"]
[Date "2007.04.30"]
[Round "1"]
[White "Dolzhikova, Kateryna"]
[Black "Rudakova, Zhanetta"]
[Result "1-0"]
[WhiteElo "2282"]
[BlackElo "2064"]
[PlyCount "67"]
[EventDate "2007.04.30"]
[EventType "swiss"]
[EventRounds "9"]
[EventCountry "UKR"]
[SourceTitle "EXT 2008"]
[Source "ChessBase"]
[SourceDate "2007.11.25"]
[SourceVersion "1"]
[SourceVersionDate "2007.11.25"]
[SourceQuality "1"]

1. e4 d6 2. d4 Nf6 3. Nc3 g6 4. f3 Bg7 5. Be3 Nc6 6. Qd2 e5 7. d5 Ne7 8. Bh6 0-0 9. 0-0-0 Kh8 10. g4 Neg8 11. Bg5 h6 12. h4 Qd7 13. Bb5 c6 14. Ba4 Ne8 15. Nge2 Qc7 16. dxc6 bxc6 17. Ng3 Be6 18. Bxh6 Bxh6 19. g5 f6 20. gxh6 Kh7 21. f4 exf4 22. Nge2 Bg4 23. Rdg1 Nxh6 24. Nxf4 Ng7 25. Nce2 Rac8 26. Nd4 Qb6 27. Bb3 c5 28. Nde6 Nxe6 29. Bxe6 Bxe6 30. Nxe6 Rg8 31. Qf4 c4 32. Qxf6 Qe3+ 33. Kb1 Qxe4 34. Ng5# 1-0

[Event "UKR-ch sf (Women)"]
[Site "Evpatoria"]
[Date "2006.04.05"]
[Round "8"]
[White "Andrenko, Irina"]
[Black "Rudakova, Zhanetta"]
[Result "1-0"]
[WhiteElo "1983"]
[BlackElo "2113"]
[PlyCount "111"]
[EventDate "2006.03.29"]
[EventType "swiss"]
[EventRounds "9"]
[EventCountry "UKR"]
[SourceTitle "EXT 2023"]
[Source "ChessBase"]
[SourceDate "2022.10.05"]
[SourceVersion "1"]
[SourceVersionDate "2022.10.05"]
[SourceQuality "1"]

1. e4 d5 2. exd5 Qxd5 3. Nc3 Qa5 4. d4 c6 5. Nf3 Bg4 6. h3 Bh5 7. g4 Bg6 8. Bg2 Nf6 9. 0-0 e6 10. Ne5 Bd6 11. Nc4 Qc7 12. Nxd6+ Qxd6 13. Ne2 h6 14. c4 0-0 15. Bf4 Qb4 16. b3 Rd8 17. a3 Qe7 18. Re1 Be4 19. f3 Bh7 20. Ng3 g5 21. Be5 Nbd7 22. f4 Nxe5 23. fxe5 Nd7 24. Qe2 Nf8 25. Qe3 Rac8 26. Be4 Bg6 27. Ra2 c5 28. d5 exd5 29. Bxd5 Ne6 30. Nf5 Bxf5 31. gxf5 Nf4 32. Rd2 b5 33. Kh2 b4 34. a4 a5 35. h4 Kh8 36. f6 Qd7 37. hxg5 Qg4 38. Qg3 Qh5+ 39. Kg1 Nxd5 40. Rh2 Qg6 41. cxd5 Rxd5 42. Kh1 Rg8 43. Qh3 Rgd8 44. Qxh6+ Qxh6 45. Rxh6+ Kg8 46. g6 fxg6 47. Rxg6+ Kf7 48. Rg7+ Ke6 49. Re7+ Kf5 50. Rf1+ Ke4 51. f7 Rh8+ 52. Kg1 Rdd8 53. e6 c4 54. Rd7 c3 55. Rxd8 Rxd8 56. e7 1-0